| 000 | 00794nam a2200229 4500 | ||
|---|---|---|---|
| 001 | 190432 | ||
| 003 | ES-MaACL | ||
| 005 | 20240110151154.0 | ||
| 008 | 210326s1999 sp 000 f spa | ||
| 020 | _a84-923869-4-0 | ||
| 080 | _a821.131.1-31"19" | ||
| 100 | 1 |
_aManfredi, Valerio Massimo, _d1943- _9171114 |
|
| 245 | 1 | 3 |
_aEl faraón del desierto / _cValerio Manfredi ; traducido del italiano por Celia Filipetto. |
| 260 |
_aMadrid : _bTaller de Mario Muchnik, _c[1999] |
||
| 300 |
_a299 p. ; _c24 cm. |
||
| 700 | 1 |
_aFilipetto, Celia. _950839 |
|
| 852 | 4 |
_aES-MaACL _jA-14632 _9197609 _bR.152184 _cDEPO1 _dOlim: N-7632 _hDonación: José Lázaro |
|
| 903 |
_9234219 _aLázaro García, José _ednr |
||
| 942 |
_2udc _cMONOGRAFIA |
||
| 999 |
_c190432 _d190432 |
||